000 00750nam a2200265Ia 4500
003 OSt
005 20220918164722.0
006 a|||||r|||| 00| 0
007 ta
008 220917b |||||||| |||| 00| 0 eng d
020 _a0715613723 (hbk)
024 _a19,355
037 _cTextual
040 _aARTS
_cARTS
_beng
041 _2eng
_aeng
082 _aR3xC57:g, M0
100 _aSorabji Richard
_920261
245 0 _aNecessity cause and blame
_b perspectives on Aristotle's theory
260 _aLondon
_bDuckworth
_c1980
300 _axv,326p.
_ccm.
500 _aBibliography 299-311p
650 _aPHILOSOPHERS; ARISTOTLE
_918168
942 _hR3xC57:g, M0
_cTEXL
_2CC
999 _c126147
_d126147